| 000 | 00808cab a2200241 4500 | ||
|---|---|---|---|
| 001 | ABS53478 | ||
| 008 | 090401t1995 xxu||||| |||| 00| 0 eng d | ||
| 035 | _a(Sirsi) u4556 | ||
| 041 | _aeng | ||
| 100 | _aCollar, N. | ||
| 245 | _aPlanning benefits: the Tesco case and the Safeway letter | ||
| 260 | _c1995 | ||
| 350 | _a0 | ||
| 490 |
_aProperty Law _v16 PLB 1995 5-7(3) |
||
| 520 | _aExamines planning benefits and looks aprticularly at the Tesco case and the Safeway letter, arguing that the decision in the Tesco case has now settled the law in relation to planning benefits. | ||
| 650 | _aPLANNING BENEFITS | ||
| 650 | _aPLANNING GAIN | ||
| 650 | _aSAFEWAY | ||
| 650 | _aTESCO STORES LTD V SOS ENVIRONMENT & ANOR | ||
| 690 | _aPLANNING LAW AND PRACTICE | ||
| 942 | _n0 | ||
| 948 | _c04/03/1997 | ||
| 999 |
_c2752 _d2752 |
||